Imagined Facebook: An exploratory study of non-users’ perceptions of social media in Rural Zambia (Record no. 347666)
[ view plain ]
| 000 -LEADER | |
|---|---|
| fixed length control field | 00510nam a2200133Ia 4500 |
| 008 - FIXED-LENGTH DATA ELEMENTS--GENERAL INFORMATION | |
| fixed length control field | 171207s9999 xx 000 0 und d |
| 100 ## - MAIN ENTRY--PERSONAL NAME | |
| Personal name | Wyche, Susan |
| 245 ## - TITLE STATEMENT | |
| Title | Imagined Facebook: An exploratory study of non-users’ perceptions of social media in Rural Zambia |
| 245 ## - TITLE STATEMENT | |
| Statement of responsibility, etc | Susan Wyche, Eric PS Baumer |
| 260 ## - PUBLICATION, DISTRIBUTION, ETC. (IMPRINT) | |
| Date of publication, distribution, etc | 2017 |
| 300 ## - PHYSICAL DESCRIPTION | |
| Extent | pages 1092-1108, July 2017 |
| 440 ## - SERIES STATEMENT/ADDED ENTRY--TITLE | |
| Title | New Media & Society |
| Volume number/sequential designation | 19:7 |
| 650 ## - SUBJECT ADDED ENTRY--TOPICAL TERM | |
| Topical term or geographic name as entry element | Africa, Facebook, mobile phones, non-users, qualitative research, social media, Zambia |
| Withdrawn status | Lost status | Damaged status | Home library | Current library | Date acquired | Total Checkouts | Date last seen | Price effective from | Koha item type |
|---|---|---|---|---|---|---|---|---|---|
| College Library | College Library | 12/07/2017 | 12/07/2017 | 12/07/2017 | Periodicals |